1927 1665 1677 1027 1597 1018 1901 1088 1003 1546 1257 1439 1489 1341 1872 1684 1156 1055 1252 1216 1362 1509 1141 1961 1301 1912 1128 1167 1106 1953 1208 1777 1985 1198 1916 1086 1649 1541 1192 1935 1006 1053 1196 1753 1729 1280 1340 1302 1890 1563 1914 1083 1244 1353 1125 1932 1134 1267 1205 1633 1724 1872 1971 1390 1673 1667 1602 1150 1374 1284 1792 1632 1200 1255 1919 1339 1802 1707 1384 1634 1050 1645 1050 1499 1298 1925 2000 1014 1455 1605 1158 1016 1155 1733 1821 1597 1667 1523 1036 BCNSPRNW ULIB Ver.6.0+V

เปลี่ยนเป็นภาษาไทย

Change to English
 แสดงรายละเอียดบรรณานุกรม
  กลับหน้าหลัก

Brief Record : Get Marc (ISO 2709) : E-mail record : QR code < ปิดหน้าต่าง
LEADER : 00000nam 2200000uu 4500
001    13399121441
003     ULIB
008    020711s2551 th a 000 0 tha d
020    9789744263766
090    นว.^bอ111ห
100    อารานิคัส
110    เลมอนกรีน
245    หากเธอเป็นจันทร์...ฉันขอเป็นดาว /^cอารานิคัส
260    กรุงเทพฯ :^bเลมอนกรีน,^c2551
300    220 หน้า
710    Lamongreen
945    ^p169^l0^i15297
999    ^aทศพร เกษรทอง
รายการนี้ยังไม่มีแท็ก
คุณยังไม่ได้ล็อกอิน คุณสามารถมีกิจกรรมร่วมกับเว็บไซต์ได้ แต่ต้องล็อกอินก่อน ::
  ล็อกอิน

รายการสื่อสารสนเทศ

ลำดับที่ ประเภท เลขเรียก/บาร์โค้ด สถานที่ สถานะ
1. นวนิยาย
นวนิยาย
นว. อ111ห ฉ.1 
  Barcode: 15297
ห้องสมุดวิทยาเขตสวรรค์ประชารักษ์
►นวนิยาย
บนชั้น
  ขอยืม

BibComment


ยังไม่เคยถูกคอมเมนท์

คอมเมนท์ทรัพยากรรายการนี้
  คอมเมนท์: หากเธอเป็นจันทร์ฉ..


 Copyright 2026. Bcnsprnw @Library